000 00802nmc a2200301 a 4500
003 AR-BaBNM
005 20251128211423.0
008 144020s2003 ||||||||||||||000 | spa||
020 _a950-753-105-X
040 _cAR-BaBNM
100 1 _aIonesco, Eugène
_d1909-1994
245 1 0 _aLa cantante calva
260 _aBuenos Aires
_bPuerto de Palos
_c2003
300 0 _a140 p.
490 0 _aColección Del Mirador
_v168
650 4 _aLITERATURA FRANCESA
650 4 _aTEATRO
650 4 _aACTIVIDADES DE APRENDIZAJE
650 4 _aANALISIS LITERARIO
653 0 _aENSENANZA DE LA LITERATURA
653 0 _aTEATRO DEL ABSURDO
655 _aLITERATURA
700 1 _aPiña, Cristina
_etraductor
740 0 _aLa lección
800 1 _aValdettaro, Teresita
942 _cBK
998 _cmartin
999 _c19608
_d19608